01054pam a2200277 a 450000100060000000300080000600500170001400800390003102000150007003500190008504000320010404100080013608200240014410000300016824501210019825000120031926000550033130000380038650400660042465000360049065000330052670000280055994200120058799900170059995201600061615603BD-RjUL20211208235843.0140210s1997 njua b 001 0 eng a0135217253 a(BD-RjUL)15658 aDLCcDLCdDLCdBD-RjULbeng aeng00a658.3220bGRB 19971 aGreenberg, Jerald.94843610aBehavior in organizations :bunderstanding and managing the human side of work /cJerald Greenberg, Robert A. Baron. a6th ed. aUpper Saddle River, N.J. :bPrentice Hall,cc1997. axx, 636 p. :bcol. ill. ;c29 cm. aIncludes bibliographical references (p. 591-616) and indexes. 0aOrganizational behavior.942223 0aPersonnel management.9484371 aBaron, Robert A.948438 2ddccBK c15603d15603 00102ddc40718NFICaRUCLbRUCLcReadingd1998-04-28eAhshan Mission Book Dis Dhakag3047.57l0o658.3 GRB 1997r2014-02-10 00:00:00tC-1w2014-02-10yBK